Add Up My Love - Clairo (Lyrics) - Statistics

General Stats
  • This quiz has been taken 3 times
  • The average score is 157 of 208
Answer Stats
Answer % Correct
a
100%
about
100%
add
100%
be
100%
could
100%
enough?
100%
i
100%
if
100%
it
100%
love
100%
mad
100%
my
100%
sad
100%
the
100%
time
100%
to
100%
up
100%
all
67%
and
67%
attitude
67%
back
67%
can
67%
choose
67%
day
67%
do
67%
ever
67%
for
67%
hear
67%
i'd
67%
i'm
67%
in
67%
into
67%
is
67%
it's
67%
laugh?
67%
like
67%
miss
67%
neck?
67%
of
67%
room
67%
something
67%
wait
67%
when
67%
you
67%
your
67%
you're
67%
alone
33%
away
33%
between
33%
breath
33%
face
33%
from
33%
gone
33%
hands
33%
hanging
33%
honey
33%
just
33%
moon
33%
on
33%
place?
33%
put
33%
remember
33%
say
33%
see
33%
too
33%
upstate
33%
was
33%
way
33%
ways
33%
you've
33%
name?
0%
said
0%
No matching quizzes found
Score Distribution
Percent of People with Each Score
Percentile by Number Answered
Your Score History
You have not taken this quiz